[Event "Medellin Sub zt 2.3.2"]
[Site "Medellin"]
[Date "2025.04.18"]
[Round "8"]
[White "Bode Polanco, Michael Steven"]
[Black "Ortega Rueda, Nicolas"]
[Result "0-1"]
[WhiteElo "1713"]
[BlackElo "1607"]
[PlyCount "102"]
[EventDate "2025.04.14"]
[EventType "swiss"]
[EventRounds "9"]
[EventCountry "COL"]
[SourceTitle "CB18_2025"]
[SourceDate "2025.04.30"]
[SourceVersion "1"]
[SourceVersionDate "2025.04.30"]
[SourceQuality "1"]

1. e4 c5 2. Nf3 d6 3. c3 Nf6 4. Bd3 Bg4 5. Bc2 Nc6 6. d3 e6 7. h3 Bh5 8. 0-0 Be7 9. Be3 0-0 10. Nbd2 d5 11. d4 cxd4 12. cxd4 dxe4 13. Nxe4 Bxf3 14. gxf3 Nd5 15. Kh1 f5 16. Nc3 Ncb4 17. Nxd5 Nxd5 18. Rg1 Bd6 19. Bg5 Qe8 20. Qf1 Bf4 21. Qg2 Bxg5 22. Qxg5 Qe7 23. Rae1 Qxg5 24. Rxg5 Rf6 25. Bb3 Rd8 26. Re5 h6 27. Rg1 Nf4 28. Rd1 Nxh3 29. Kh2 Nf4 30. Kg3 Nd5 31. Rc1 Rd7 32. Rc5 b6 33. Rc6 Kf7 34. a3 g5 35. Re1 Ke7 36. Re5 Kf7 37. Re1 Ke7 38. Re5 Kf7 39. Re1 Nf4 40. Rc4 h5 41. Ba4 Re7 42. Bb5 Kg6 43. Rcc1 Rff7 44. Re3 Kf6 45. Rec3 Nd5 46. Rc6 Rc7 47. Rh1 Rxc6 48. Bxc6 Nf4 49. Bb5 Rc7 50. Rd1 Rc2 51. b3 h4+ 0-1

[Event "Santiago de Cali U2000 op"]
[Site "Cali"]
[Date "2024.12.28"]
[Round "4"]
[White "Lopera, Jeison Mauricio"]
[Black "Bode Polanco, Michael Steven"]
[Result "1/2-1/2"]
[WhiteElo "1783"]
[BlackElo "1639"]
[PlyCount "68"]
[EventDate "2024.12.27"]
[EventType "swiss"]
[EventRounds "7"]
[EventCountry "COL"]
[SourceTitle "CB01_2025"]
[SourceDate "2025.01.01"]
[SourceVersion "1"]
[SourceVersionDate "2025.01.01"]
[SourceQuality "1"]

1. e4 c5 2. Nf3 e6 3. Nc3 Nc6 4. Bb5 Nge7 5. 0-0 a6 6. Bxc6 Nxc6 7. Re1 Be7 8. Nd5 exd5 9. exd5 0-0 10. dxc6 dxc6 11. d3 Bf6 12. h3 Be6 13. c3 Qd7 14. Bg5 Qe7 15. Bxf6 Qxf6 16. Re3 Rad8 17. Qe2 Rd6 18. Ne5 Rfd8 19. Re1 h6 20. a3 Bf5 21. Rf3 Qe6 22. Re3 Qd5 23. Qh5 Bg6 24. Qg4 Qe6 25. Qg3 Qf5 26. Qh4 f6 27. g4 Qg5 28. Qxg5 fxg5 29. Nxg6 Rxg6 30. Re7 Rf6 31. Rxb7 Rxd3 32. Re8+ Kh7 33. Ree7 Rd1+ 34. Kg2 Rf3 1/2-1/2

[Event "COL-ch U20"]
[Site "Cali"]
[Date "2024.03.02"]
[Round "7"]
[White "Bode Polanco, Michael Steven"]
[Black "Ramirez Villegas, Nicolas David"]
[Result "0-1"]
[WhiteElo "1316"]
[BlackElo "1547"]
[PlyCount "90"]
[EventDate "2024.02.28"]
[EventType "swiss"]
[EventRounds "9"]
[EventCountry "COL"]
[SourceTitle "CBM 219 Extra"]
[Source "ChessBase"]
[SourceDate "2024.05.31"]
[SourceVersion "1"]
[SourceVersionDate "2024.05.31"]
[SourceQuality "1"]

1. e4 c5 2. Nf3 Nc6 3. c3 e6 4. d4 cxd4 5. cxd4 d6 6. Nc3 Nf6 7. Bd3 Be7 8. 0-0 0-0 9. Bf4 Nh5 10. Be3 e5 11. d5 Nb4 12. Be2 Nf6 13. a3 Na6 14. Nd2 b6 15. Rc1 Bb7 16. b4 Nd7 17. Nb5 Qb8 18. Qb3 Rc8 19. Nc4 Nf6 20. f3 Ne8 21. Rc2 Nac7 22. Nc3 Ba6 23. b5 Bb7 24. Bxb6 axb6 25. Nxb6 Qa7 26. Nca4 Nxd5 27. Rxc8 Rxc8 28. exd5 Bd8 29. Kh1 Bxb6 30. Nxb6 Qxb6 31. a4 Qd4 32. Rd1 Qc3 33. Qxc3 Rxc3 34. a5 Rb3 35. Bc4 Rb4 36. a6 Ba8 37. Rc1 Kf8 38. Bd3 Bxd5 39. Rc8 Be6 40. Rb8 Rd4 41. Kg1 Rxd3 42. b6 Bd5 43. b7 Bxb7 44. Rxb7 Ra3 45. a7 Ra2 0-1

[Event "COL-ch U20"]
[Site "Cali"]
[Date "2024.02.29"]
[Round "2"]
[White "Castro Castro, Joaquin"]
[Black "Bode Polanco, Michael Steven"]
[Result "1-0"]
[WhiteElo "1945"]
[BlackElo "1316"]
[PlyCount "39"]
[EventDate "2024.02.28"]
[EventType "swiss"]
[EventRounds "9"]
[EventCountry "COL"]
[SourceTitle "CBM 219 Extra"]
[Source "ChessBase"]
[SourceDate "2024.05.31"]
[SourceVersion "1"]
[SourceVersionDate "2024.05.31"]
[SourceQuality "1"]

1. e4 c5 2. Nf3 e6 3. d4 cxd4 4. Nxd4 Bc5 5. Be3 Qb6 6. Na3 Nf6 7. Nc4 Qd8 8. Nxe6 dxe6 9. Bxc5 Qxd1+ 10. Rxd1 Nxe4 11. Ba3 Nc6 12. f3 b5 13. Na5 Bd7 14. Rxd7 Kxd7 15. Bxb5 Rhc8 16. Bxc6+ Rxc6 17. Nxc6 Kxc6 18. fxe4 Rd8 19. Ke2 Rd4 20. Ke3 1-0

[Event "Manizales Feria op 29th"]
[Site "Manizales"]
[Date "2024.01.07"]
[Round "5"]
[White "Pinzon, Hector"]
[Black "Bode Polanco, Michael Steven"]
[Result "1-0"]
[WhiteElo "1635"]
[BlackElo "1326"]
[PlyCount "45"]
[EventDate "2024.01.05"]
[EventType "swiss"]
[EventRounds "7"]
[EventCountry "COL"]
[SourceTitle "CBM 218 Extra"]
[Source "ChessBase"]
[SourceDate "2024.03.31"]
[SourceVersion "1"]
[SourceVersionDate "2024.03.31"]
[SourceQuality "1"]

1. c4 Nf6 2. Nc3 g6 3. d4 d5 4. cxd5 Nxd5 5. e4 Nxc3 6. bxc3 Bg7 7. Bc4 c6 8. Ne2 0-0 9. 0-0 b5 10. Bd3 a6 11. Be3 Be6 12. Qd2 Nd7 13. Nf4 Bc4 14. Bxc4 bxc4 15. Rab1 e5 16. Ne2 exd4 17. cxd4 Qh4 18. Rb7 Qg4 19. f3 Qe6 20. Nf4 Qe8 21. Rfb1 c5 22. Nd5 f5 23. Nc7 1-0

[Event "Manizales Feria op 29th"]
[Site "Manizales"]
[Date "2024.01.06"]
[Round "3"]
[White "Bode Polanco, Michael Steven"]
[Black "Giraldo Mejia, Dulze Maria"]
[Result "1-0"]
[WhiteElo "1326"]
[BlackElo "1600"]
[PlyCount "53"]
[EventDate "2024.01.05"]
[EventType "swiss"]
[EventRounds "7"]
[EventCountry "COL"]
[SourceTitle "CBM 218 Extra"]
[Source "ChessBase"]
[SourceDate "2024.03.31"]
[SourceVersion "1"]
[SourceVersionDate "2024.03.31"]
[SourceQuality "1"]

1. e4 e5 2. Nf3 d6 3. d4 Qe7 4. dxe5 dxe5 5. Nc3 c6 6. Bc4 Be6 7. Nxe5 Bxc4 8. Nxc4 f5 9. Qh5+ g6 10. Qe2 Bg7 11. e5 Na6 12. Nd6+ Kf8 13. Bf4 g5 14. Nxf5 Qe6 15. Nxg7 Kxg7 16. Bxg5 Rf8 17. 0-0-0 h6 18. Bf6+ Nxf6 19. exf6+ Qxf6 20. Rd7+ Rf7 21. Qg4+ Kh7 22. Rhd1 Rg8 23. Ne4 Qg7 24. Ng5+ hxg5 25. Qh5+ Qh6 26. Rxf7+ Rg7 27. Rxg7+ 1-0